Phân tích mối liên hệ giữa lợi nhuận và rủi ro của các cổ phiếu niêm yết tại sở giao dịch chứng khoán thành phố Hồ Chí Minh : Luận văn thạc sĩ kinh tế chuyên ngành tài chính ngân hàng
Đề tài Phân tích mối liên hệ giữa lợi nhuận và rủi ro của các cổ phiếu niêm yết tại sở giao dịch chứng khoán thành phố Hồ Chí Minh bằng cách sử dụng mô hình định giá tài sản vốn ( CAPM ) , sử dụng danh mục đầu tư để kiểm định mối qu...
Spremljeno u:
| Glavni autor: | |
|---|---|
| Format: | Knjiga |
| Jezik: | Undetermined |
| Izdano: |
Cần Thơ
Trường Đại học Cần Thơ
2010
|
| Teme: | |
| Oznake: |
Dodaj oznaku
Bez oznaka, Budi prvi tko označuje ovaj zapis!
|
| Thư viện lưu trữ: | Trung tâm Học liệu Trường Đại học Cần Thơ |
|---|
| LEADER | 01417nam a2200217Ia 4500 | ||
|---|---|---|---|
| 001 | CTU_162826 | ||
| 008 | 210402s9999 xx 000 0 und d | ||
| 082 | |a 332.643 | ||
| 082 | |b Ph506 | ||
| 088 | |a 60340201 | ||
| 100 | |a Trần, Thị Hạnh Phúc | ||
| 245 | 0 | |a Phân tích mối liên hệ giữa lợi nhuận và rủi ro của các cổ phiếu niêm yết tại sở giao dịch chứng khoán thành phố Hồ Chí Minh : | |
| 245 | 0 | |b Luận văn thạc sĩ kinh tế chuyên ngành tài chính ngân hàng | |
| 245 | 0 | |c Trần Thị Hạnh Phúc ; Trương Đông Lộc ( Hướng dẫn khoa học ) | |
| 260 | |a Cần Thơ | ||
| 260 | |b Trường Đại học Cần Thơ | ||
| 260 | |c 2010 | ||
| 520 | |a Đề tài Phân tích mối liên hệ giữa lợi nhuận và rủi ro của các cổ phiếu niêm yết tại sở giao dịch chứng khoán thành phố Hồ Chí Minh bằng cách sử dụng mô hình định giá tài sản vốn ( CAPM ) , sử dụng danh mục đầu tư để kiểm định mối quan hệ giữa lợi nhuận và rủi ro của các cổ phiếu niêm yết. | ||
| 650 | |a Stock exchanges,Thị trường chứng khoán | ||
| 904 | |i T Thu, Hải | ||
| 980 | |a Trung tâm Học liệu Trường Đại học Cần Thơ | ||